| 000 | 005550000a22001930004500 | ||
|---|---|---|---|
| 001 | 004231 | ||
| 003 | MACL | ||
| 005 | 20150731174420.0 | ||
| 008 | 150731b xxu||||| |||| 00| 0 eng d | ||
| 040 |
_aMACL _cMACL |
||
| 041 | _aEnglish | ||
| 082 | _a352.3/GOD | ||
| 100 |
_aGodbole, Madhav _93921 |
||
| 245 |
_aPublic Accountability & Transparency _bThe Imperatives Of Good Governance _cMadhav Godbole |
||
| 260 |
_aNew Delhi _c2003 _bOrient Long Man, |
||
| 350 | _a750 | ||
| 650 |
_aPublic Administrative & Military Science _93922 |
||
| 942 |
_k352 _cBK _2ddc |
||
| 999 |
_c16122 _d16122 |
||